Elementos de derecho administrativo y legislación fiscal y aduanera /
Guardado en:
| Autor Principal: | |
|---|---|
| Formato: | Libro |
| Publicado: |
Buenos Aires :
El Ateneo,
1961
|
| Edición: | 9a. ed. |
| Materias: | |
| Etiquetas: |
Agregar Etiqueta
Sin Etiquetas, Sea el primero en etiquetar este registro!
|
| LEADER | 01041nam a22002175a 4500 | ||
|---|---|---|---|
| 001 | CEM.cems004484 | ||
| 005 | 20060216000000.0 | ||
| 008 | 130507s1961##################000#0#####d | ||
| 003 | CEMS | ||
| 082 | 0 | 4 | |a 344 |
| 100 | 1 | |a Monacelli, Gualterio | |
| 245 | 1 | 0 | |a Elementos de derecho administrativo y legislación fiscal y aduanera / |
| 250 | |a 9a. ed. | ||
| 260 | |a Buenos Aires : |b El Ateneo, |c 1961 | ||
| 300 | |a 290 p. | ||
| 505 | 0 | |a Derecho administrativo; Organización administrativa argentina; Agentes de la administración publica; Poder de la policia; Impuestos; Presupuesto; Ley de contabilidad y organización del Tribunal de Cuentas y de la Contaduria General de la Nación; Aduanas; Legislación aduanera argentina; Despacho directo a plaza; Despacho a deposito; Exportación; Derecho penal fiscal; Jurisdicción contensiosadministrativa; Contato de trabajo | |
| 653 | |a Aduanas | ||
| 653 | |a Contratos | ||
| 653 | |a Derecho administrativo | ||
| 653 | |a Derecho penal fiscal | ||
| 859 | |a CEMS |b BIB. CEMS - 11 de abril |h 344 |i M74a9 |p 4748.76 |t Ej.1 | ||
